000 00917nam a2200253Ia 4500
003 OSt
005 20220918111006.0
006 a|||||r|||| 00| 0
007 ta
008 220915b |||||||| |||| 00| 0 hin d
024 _a186733
037 _cReference Collections
040 _aARTS
_cARTS
_bhin
041 _2hin
_ahin
082 _aO152,1(MY4)k, M1(RR)
100 _aमिश्र, विक्रमादित्य, संपा.
_910372
245 0 _aपहेली कोश
246 _aPahelī kosha
260 _aपटना
_bबिहार राष्ट्रभाषा परिषद्््् भारत
_c1981
300 _a270 पृ0
650 _aहिन्दी साहित्य
942 _hO152,1(MY4)k, M1(RR)
_cREF
999 _c116231
_d116231